000 00541nam a2200181 i 4500
001 61742
003 ES-MaACL
005 20250820063035.0
007 t|
008 031113s1927 it ||||1| ita d
100 1 _aFarinelli, Arturo,
_d1867-1948
_948861
245 1 3 _aIl romanticismo nel mondo latino /
_cArturo Farinelli.
260 _aTorino :
_bFratelli Bocca,
_c1927 (
_fOlivero et C.I.)
300 _a3 v. ;
_c21 cm.
650 4 _aRomanticismo.
_916943
852 _aES-MaACL
_jA-1688-90
_bR.12403
999 _c61742
_d61742